बुद्ध एवं बौद्ध शासन (Record no. 1218694)
[ view plain ]
| 000 -LEADER | |
|---|---|
| fixed length control field | 00774nam a2200217Ia 4500 |
| 008 - FIXED-LENGTH DATA ELEMENTS--GENERAL INFORMATION | |
| fixed length control field | 241004s9999 xx 000 0 und d |
| 020 ## - INTERNATIONAL STANDARD BOOK NUMBER | |
| International Standard Book Number | 9789391985035 |
| 037 ## - SOURCE OF ACQUISITION | |
| Stock number | Textbook |
| 040 ## - CATALOGING SOURCE | |
| Original cataloging agency | ARTS |
| Language of cataloging | hin |
| Transcribing agency | ARTS |
| 041 ## - LANGUAGE CODE | |
| Language code of text/sound track or separate title | hin |
| Source of code | hin |
| 084 ## - COLON CLASSIFICATION NUMBER | |
| Classification number | Q4v 152R2 |
| Assigning agency | ARTS |
| 100 ## - MAIN ENTRY--PERSONAL NAME | |
| Personal name | दास, संजीव कुमार, ले. |
| 245 ## - TITLE STATEMENT | |
| Title | बुद्ध एवं बौद्ध शासन |
| Statement of responsibility, etc. | दास, संजीव कुमार, ले. |
| 260 ## - PUBLICATION, DISTRIBUTION, ETC. | |
| Place of publication, distribution, etc. | भारत |
| Name of publisher, distributor, etc. | दिल्ली, बुद्धिस्ट वर्ल्ड प्रेस, |
| Date of publication, distribution, etc. | 2022 |
| 300 ## - PHYSICAL DESCRIPTION | |
| Extent | 286पृ0 |
| 365 ## - TRADE PRICE | |
| Price type code | INR |
| Price amount | 1950 |
| 546 ## - LANGUAGE NOTE | |
| Language note | Translated form Sanskrit to Hindi |
| 650 ## - SUBJECT ADDED ENTRY--TOPICAL TERM | |
| Topical term or geographic name entry element | Buddhism |
| 942 ## - ADDED ENTRY ELEMENTS (KOHA) | |
| Koha item type | Textbook |
| Classification part | Q4v 152R2 |
| Withdrawn status | Lost status | Source of classification or shelving scheme | Damaged status | Not for loan | Home library | Current library | Date acquired | Source of acquisition | Cost, normal purchase price | Inventory number | Total Checkouts | Full call number | Barcode | Date due | Date last seen | Date last checked out | Price effective from | Koha item type |
|---|---|---|---|---|---|---|---|---|---|---|---|---|---|---|---|---|---|---|
| Colon Classification (CC) | Arts Library | Arts Library | 2024-12-06 | Eastern Book Linkers | 1950.00 | 140 & 10/01/2023 | 3 | Q4v 152R2 | AL1666752 | 2026-04-10 | 2026-03-27 | 2026-03-27 | 2024-10-04 | Textbook |
